Riconosci il Capoluogo di Regione - Statistics

Statistiche generali
  • Questo quiz è stato fatto 1.062 volte
  • Il punteggio medio è 9 su 20
Statistiche sulle risposte
con Immagini Risposta % Corretto
Torino
88%
Milano
82%
Venezia
72%
Firenze
64%
Roma
61%
Napoli
52%
Ancona
50%
Bologna
48%
Palermo
48%
Bari
46%
Trieste
42%
Aosta
40%
Perugia
40%
Campobasso
35%
Genova
33%
Cagliari
32%
Trento
29%
L'Aquila
26%
Potenza
20%
Catanzaro
19%
Nessun quiz corrispondente trovato
Distribuzione punteggi
Percentuale di utenti per punteggio
Percentile per numero di risposta
I tuoi punteggi nel tempo
Non hai fatto questo quiz